Samuha śrāddha. (Record no. 88546)

MARC details
000 -LEADER
fixed length control field 00684cam a22002531 4500
001 - CONTROL NUMBER
control field sa 68018635
003 - CONTROL NUMBER IDENTIFIER
control field DLC
005 - DATE AND TIME OF LATEST TRANSACTION
control field 20260227112713.0
008 - FIXED-LENGTH DATA ELEMENTS--GENERAL INFORMATION
fixed length control field 891220s1966 ii ab 000 0 gujo
010 ## - LIBRARY OF CONGRESS CONTROL NUMBER
LC control number sa 68018635
035 ## - SYSTEM CONTROL NUMBER
System control number (OCoLC)20807535
040 ## - CATALOGING SOURCE
Original cataloging agency DLC
Transcribing agency WaU
Modifying agency DLC
041 0# - LANGUAGE CODE
Language code of text/sound track or separate title gujenghin
042 ## - AUTHENTICATION CODE
Authentication code premarc
050 00 - LIBRARY OF CONGRESS CALL NUMBER
Classification number BL1215.A55
Item number S45
100 1# - MAIN ENTRY--PERSONAL NAME
Personal name Shah, Vimal.
245 10 - TITLE STATEMENT
Title Samuha śrāddha.
Remainder of title Community ancestor worship.
260 ## - PUBLICATION, DISTRIBUTION, ETC.
Date of publication, distribution, etc. [1966]
300 ## - PHYSICAL DESCRIPTION
Extent vi, 45, [92] p.
Other physical details illus. (1 col.), maps.
Dimensions 22 x 28 cm.
500 ## - GENERAL NOTE
General note Gujarati, Hindi and English.
650 #0 - SUBJECT ADDED ENTRY--TOPICAL TERM
Topical term or geographic name entry element Ancestor worship
General subdivision Hinduism.
700 1# - ADDED ENTRY--PERSONAL NAME
Personal name Shroff, Ramesh.
700 1# - ADDED ENTRY--PERSONAL NAME
Personal name Shah, Haku.

No items available.

Powered by Koha